[Event "Junior Online 4NCL Division 5"]
[Site "online"]
[Date "2021.03.04"]
[EventDate "2021.03.04"]
[Round "4.45"]
[White "Bazan, Mateusz"]
[WhiteElo "1457"]
[WhiteTeam "Charlton Juniors"]
[Black "Paleri, Adithya P"]
[BlackElo "1902"]
[BlackTeam "Kings College School"]
[Result "1-0"]
[PlyCount "109"]

1. d4 d5 2. c4 e6 3. Nc3 c5 4. dxc5 d4 5. Na4 Bxc5 6. Nxc5 Qa5+ 7. Qd2 Qxc5 8. b3 Nc6 9. Bb2 Nf6 10. Nf3 e5 11. g3 Ne4 12. Qd3 Qa5+ 13. Nd2 Bf5 14. a3 Qxd2+ 15. Qxd2 Nxd2 16. Kxd2 Na5 17. Re1 Nxb3+ 18. Kd1 b5 19. cxb5 Rc8 20. e3 Rc2 21. Re2 Bg4 22. Kxc2 Bxe2 23. Bxe2 Nc5 24. exd4 Ne4 25. f3 Nf2 26. Rf1 Nh3 27. dxe5 O-O 28. f4 f5 29. exf6 gxf6 30. Bf3 Rc8+ 31. Bc3 f5 32. Bg2 Rc5 33. Bxh3 Rxb5 34. Rd1 Kf8 35. Bf1 Rc5 36. Kb3 a5 37. Bc4 Ke7 38. Rd5 Rxd5 39. Bxd5 Kd6 40. Bg8 h6 41. Bxa5 Kc5 42. Bb4+ Kd4 43. Be6 Ke4 44. a4 Kf3 45. Bxf5 Kg2 46. a5 Kxh2 47. a6 Kxg3 48. a7 Kxf4 49. Bc8 h5 50. a8=Q h4 51. Bd6+ Ke3 52. Qa7+ Kd2 53. Qf2+ Kd1 54. Bg4+ Kc1 55. Qc2# 1-0

[Event "Junior Online 4NCL Division 5"]
[Site "online"]
[Date "2021.03.04"]
[EventDate "2021.03.04"]
[Round "4.46"]
[White "Stewart, Hari"]
[WhiteElo "1817"]
[WhiteTeam "Kings College School"]
[Black "Verbytski, Oleg"]
[BlackElo "1336"]
[BlackTeam "Charlton Juniors"]
[Result "1/2-1/2"]
[PlyCount "155"]

1. c4 Nf6 2. g3 g6 3. Bg2 Bg7 4. Nc3 O-O 5. e3 d6 6. Nge2 e5 7. O-O Nc6 8. d3 Bd7 9. a3 Ne8 10. b4 a6 11. Bb2 f5 12. Rb1 Qe7 13. f4 exf4 14. exf4 Nf6 15. Nd5 Nxd5 16. Bxd5+ Kh8 17. Bxg7+ Kxg7 18. Qd2 Rae8 19. Rbe1 Qe3+ 20. Qxe3 Rxe3 21. Nc1 Rfe8 22. Kf2 R3e7 23. Nb3 b6 24. Rxe7+ Nxe7 25. Bb7 Ba4 26. Nd4 a5 27. Re1 Kf7 28. b5 h6 29. Kf3 Nc6 30. Ne2 Nd4+ 31. Kf2 Nc2 32. Bd5+ Kg7 33. Rc1 Nxa3 34. Ra1 Nxb5 35. cxb5 Bxb5 36. Nd4 Bxd3 37. Re1 Rxe1 38. Kxe1 Kf6 39. Bc6 Bc4 40. Kd2 d5 41. Kc3 Ke7 42. Nb5 Bxb5 43. Bxb5 Kd6 44. Be8 g5 45. h4 gxf4 46. gxf4 c5 47. Bg6 Ke6 48. Bh7 b5 49. Bg8+ Kd6 50. Bh7 d4+ 51. Kd3 Ke6 52. Bg8+ Kf6 53. Bd5 a4 54. Bc6 a3 55. Kc2 b4 56. Bb5 Ke7 57. h5 Kd6 58. Bc4 Kc6 59. Kb3 d3 60. Bxd3 Kd5 61. Bxf5 c4+ 62. Ka2 Kd4 63. Bb1 Kd5 64. Bh7 Kd4 65. Bb1 Kc5 66. Bg6 c3 67. Kb3 Kd4 68. Bb1 Kc5 69. f5 Kd6 70. Bd3 Ke5 71. Bc2 Kf6 72. Bd3 Kg5 73. Be4 Kf6 74. Bd3 Ke5 75. Bc2 Kd6 76. Bb1 Ke7 77. Be4 Kf6 78. Bd3 1/2-1/2

[Event "Junior Online 4NCL Division 5"]
[Site "online"]
[Date "2021.03.04"]
[EventDate "2021.03.04"]
[Round "4.47"]
[White "Williams, Alex"]
[WhiteElo "1000"]
[WhiteTeam "Charlton Juniors"]
[Black "Ali, Shahvez"]
[BlackElo "1787"]
[BlackTeam "Kings College School"]
[Result "0-1"]
[PlyCount "66"]

1. d4 Nf6 2. Nf3 g6 3. Bf4 Bg7 4. e3 d6 5. Nbd2 O-O 6. Bc4 b6 7. O-O Bb7 8. c3 Nbd7 9. Re1 Nh5 10. Bg3 Nxg3 11. fxg3 e5 12. Nb3 a6 13. a4 Rc8 14. a5 b5 15. Be2 f5 16. Nbd2 Re8 17. b4 c5 18. Rb1 c4 19. Nh4 Nf6 20. Bf3 Ne4 21. Bxe4 fxe4 22. Qg4 exd4 23. cxd4 Rc7 24. Nxg6 hxg6 25. Qxg6 Qf6 26. Qxf6 Bxf6 27. Rf1 Bg5 28. Rbe1 Rf8 29. Rxf8+ Kxf8 30. Rf1+ Kg7 31. h4 Bxe3+ 32. Kh1 Bxd2 33. Rd1 c3 0-1

[Event "Junior Online 4NCL Division 5"]
[Site "online"]
[Date "2021.03.04"]
[EventDate "2021.03.04"]
[Round "4.48"]
[White "O'neill, Kai"]
[WhiteElo "1352"]
[WhiteTeam "Kings College School"]
[Black "Gao, Alex"]
[BlackElo "901"]
[BlackTeam "Charlton Juniors"]
[Result "1-0"]
[PlyCount "141"]

1. e4 e5 2. Nf3 Nc6 3. Nc3 Nf6 4. Bc4 Nxe4 5. Nxe4 d5 6. Bd3 dxe4 7. Bxe4 Bd6 8. d4 exd4 9. Bxc6+ bxc6 10. Qxd4 O-O 11. O-O Bb7 12. Qc3 c5 13. Bg5 f6 14. Qb3+ Kh8 15. Qxb7 fxg5 16. Qe4 Qf6 17. b3 Rfe8 18. Qd3 Rad8 19. Rfe1 Bxh2+ 20. Kxh2 Qh6+ 21. Kg1 Rxe1+ 22. Rxe1 Qf6 23. Qe3 Kg8 24. Qe6+ Qxe6 25. Rxe6 g4 26. Ne1 Kf7 27. Rc6 Rd1 28. Kf1 h5 29. Rxc7+ Kg6 30. Rxc5 h4 31. Rc6+ Kh5 32. Rc5+ Kh6 33. Rc4 h3 34. gxh3 gxh3 35. Rh4+ Kg5 36. Rxh3 Ra1 37. a4 Rd1 38. Rd3 Rxd3 39. Nxd3 Kf5 40. Nc5 Ke5 41. Ke2 Kd5 42. Nd3 Kd4 43. Kd2 g5 44. c3+ Ke4 45. Nc5+ Kd5 46. b4 Kc6 47. f3 Kb6 48. Ne4 Kc6 49. Nxg5 Kd5 50. Kd3 Ke5 51. Nh3 Kf5 52. c4 Ke5 53. f4+ Kd6 54. c5+ Kc6 55. f5 Kd7 56. Ng5 Ke7 57. c6 Kd6 58. f6 Kxc6 59. f7 Kd7 60. f8=Q Kc6 61. Qf6+ Kb7 62. Qe7+ Kc6 63. Qe6+ Kb7 64. a5 a6 65. Qb6+ Kc8 66. Qa7 Kd8 67. Ne4 Ke8 68. Kd4 Kf8 69. Ke5 Kg8 70. Kf6 Kh8 71. Qg7# 1-0

[Event "Junior Online 4NCL Division 5"]
[Site "online"]
[Date "2021.03.04"]
[EventDate "2021.03.04"]
[Round "4.51"]
[White "Pan, Ailun"]
[WhiteElo "750"]
[WhiteTeam "London Dragons Queens"]
[Black "Boikovs, Alexander"]
[BlackElo "1500"]
[BlackTeam "Golden Falcons 1"]
[Result "1-0"]
[PlyCount "131"]

1. e4 c5 2. Nf3 e6 3. c3 Nf6 4. e5 Ng4 5. d4 cxd4 6. cxd4 Qa5+ 7. Bd2 Qb6 8. h3 Nh6 9. Qb3 Qxb3 10. axb3 Nc6 11. Bxh6 gxh6 12. Bc4 d5 13. Bb5 Bd7 14. Nc3 O-O-O 15. O-O a6 16. Bxc6 Bxc6 17. b4 Bxb4 18. Rfc1 Kb8 19. Na4 Bxa4 20. Rxa4 Be7 21. b4 Rc8 22. Rb1 Rc4 23. Kf1 Rhc8 24. Ke2 R8c6 25. b5 Rb6 26. Rxc4 dxc4 27. Rc1 axb5 28. Nd2 Bg5 29. g3 Bxd2 30. Kxd2 Rc6 31. Kc3 Ka7 32. Ra1+ Kb6 33. Ra8 f5 34. Rh8 Rc7 35. Re8 Rc6 36. Re7 Rc7 37. Rxe6+ Rc6 38. Re7 Ka5 39. Rxb7 Ka6 40. Rxh7 Ka5 41. d5 b4+ 42. Kd4 c3 43. dxc6 c2 44. Ra7+ Kb6 45. Ra1 Kxc6 46. Kc4 Kd7 47. Kxb4 Ke6 48. f4 Kf7 49. Rc1 Ke7 50. Rxc2 Kf7 51. Rc6 Kg7 52. e6 Kf8 53. Rc7 Ke8 54. Kc5 Kd8 55. e7+ Kxc7 56. e8=Q Kb7 57. Qc6+ Ka7 58. Qxh6 Ka8 59. h4 Kb8 60. Qf6 Kc8 61. h5 Kd7 62. h6 Kc8 63. h7 Kc7 64. h8=Q Kb7 65. Qh7+ Kc8 66. Qf8# 1-0

[Event "Junior Online 4NCL Division 5"]
[Site "online"]
[Date "2021.03.04"]
[EventDate "2021.03.04"]
[Round "4.52"]
[White "Jakovlev, Mark"]
[WhiteElo "1451"]
[WhiteTeam "Golden Falcons 1"]
[Black "Liu, Zhengzheng"]
[BlackElo "780"]
[BlackTeam "London Dragons Queens"]
[Result "0-1"]
[PlyCount "56"]

1. e4 c5 2. Bb5 a6 3. Bc4 b5 4. Be2 Nc6 5. Nf3 e5 6. Bd3 Nf6 7. Ng5 c4 8. Bf1 h6 9. Nh3 Be7 10. g4 Nxe4 11. Bg2 Ng5 12. Nxg5 Bxg5 13. O-O Bb7 14. h4 Bxh4 15. d4 exd4 16. Qe1+ Qe7 17. Qd1 O-O 18. c3 d3 19. Kh1 Bg5 20. Bxg5 Qxg5 21. Nd2 Qh4+ 22. Kg1 Nd8 23. Nf3 Qxg4 24. Kh2 Ne6 25. b4 Ng5 26. Rc1 Nxf3+ 27. Bxf3 Bxf3 28. Qe1 Qg2# 0-1

[Event "Junior Online 4NCL Division 5"]
[Site "online"]
[Date "2021.03.04"]
[EventDate "2021.03.04"]
[Round "4.53"]
[White "Gan, Mark"]
[WhiteElo "820"]
[WhiteTeam "London Dragons Queens"]
[Black "Shelest, Sergei"]
[BlackElo "1451"]
[BlackTeam "Golden Falcons 1"]
[Result "1-0"]
[PlyCount "47"]

1. d4 c5 2. d5 Nf6 3. c4 b5 4. cxb5 a6 5. bxa6 Rxa6 6. e4 Qc7 7. Bxa6 Bxa6 8. Nc3 e6 9. Be3 exd5 10. exd5 Qd6 11. Nf3 Be7 12. Qd2 O-O 13. a3 Nxd5 14. Nxd5 Bf6 15. Nxf6+ Qxf6 16. Bxc5 Nc6 17. Bxf8 Kxf8 18. O-O-O Ke7 19. Qxd7+ Kf8 20. Rhe1 Qf4+ 21. Kb1 Qf5+ 22. Qxf5 Be2 23. Rxe2 Ne7 24. Rd8# 1-0

[Event "Junior Online 4NCL Division 5"]
[Site "online"]
[Date "2021.03.04"]
[EventDate "2021.03.04"]
[Round "4.54"]
[White "Rolletta, Sofia"]
[WhiteElo "1218"]
[WhiteTeam "Golden Falcons 1"]
[Black "Song, Ruien"]
[BlackElo "827"]
[BlackTeam "London Dragons Queens"]
[Result "1-0"]
[PlyCount "259"]

1. d4 Nf6 2. g3 g6 3. Bg2 Bg7 4. e3 O-O 5. Ne2 d5 6. b3 Nc6 7. Bb2 Ne4 8. O-O e5 9. f3 Nf6 10. c3 e4 11. fxe4 Nxe4 12. Bxe4 dxe4 13. Ba3 Re8 14. Nd2 Qg5 15. Nc4 b5 16. Ne5 Nxe5 17. dxe5 Qxe3+ 18. Rf2 Bxe5 19. Bc1 Qb6 20. Bf4 Bxf4 21. Nxf4 e3 22. Re2 Bg4 23. Nd5 Qd6 24. Nxe3 Rxe3 25. Qxd6 cxd6 26. Rxe3 Kg7 27. Rd3 Rd8 28. c4 a6 29. c5 d5 30. c6 Be6 31. Rc1 Bf5 32. Rdc3 Bc8 33. c7 Re8 34. Rd1 Re5 35. Rc5 Kf6 36. Rcxd5 Rxd5 37. Rxd5 Bb7 38. Rd7 Ke6 39. Rd8 Ke7 40. Kf2 f5 41. Ke3 a5 42. a4 bxa4 43. bxa4 h5 44. Kf4 Kf6 45. h3 g5+ 46. Ke3 Ke5 47. Kd3 h4 48. gxh4 gxh4 49. Kc4 f4 50. Kb5 f3 51. Kb6 f2 52. Kxb7 f1=Q 53. c8=Q Qb1+ 54. Ka6 Qf1+ 55. Kxa5 Qe1+ 56. Kb5 Qb1+ 57. Kc4 Qa2+ 58. Kb4 Qb2+ 59. Kc4 Qa2+ 60. Kc5 Qa3+ 61. Kb5 Qb2+ 62. Ka6 Qe2+ 63. Kb6 Qe3+ 64. Kc6 Qf3+ 65. Kb6 Qb3+ 66. Kc5 Qc3+ 67. Kb5 Qb3+ 68. Kc5 Qc3+ 69. Kb6 Qb4+ 70. Kc6 Qc4+ 71. Kb7 Qb4+ 72. Kc7 Qc5+ 73. Kb7 Qb4+ 74. Kc7 Qa5+ 75. Kc6 Qxa4+ 76. Kb6 Qb4+ 77. Kc6 Qe4+ 78. Kb6 Qb4+ 79. Ka6 Qa4+ 80. Kb7 Qb5+ 81. Ka8 Qa5+ 82. Kb8 Qb6+ 83. Ka8 Qa5+ 84. Kb8 Qb4+ 85. Ka8 Qe4+ 86. Kb8 Qb1+ 87. Kc7 Qh7+ 88. Rd7 Qc2+ 89. Kb7 Qb3+ 90. Kc7 Qc4+ 91. Kb7 Qb4+ 92. Kc7 Qa5+ 93. Kb7 Qb5+ 94. Kc7 Qc5+ 95. Kb7 Qb5+ 96. Kc7 Qa5+ 97. Kb8 Qb4+ 98. Rb7 Qd6+ 99. Qc7 Qxc7+ 100. Rxc7 Kd6 101. Rh7 Ke6 102. Rxh4 Kf5 103. Rh8 Kg6 104. Kc7 Kg7 105. Rh4 Kg6 106. Kd6 Kg5 107. Rh8 Kg6 108. Ke5 Kg5 109. Ke4 Kg6 110. Kf3 Kg5 111. Kg3 Kf5 112. h4 Kg6 113. Kg4 Kg7 114. Rh5 Kg6 115. Ra5 Kh6 116. Ra6+ Kg7 117. h5 Kh7 118. Kg5 Kg7 119. Rg6+ Kh7 120. Rh6+ Kg7 121. Rb6 Kh7 122. h6 Kg8 123. Kg6 Kf8 124. h7 Ke7 125. h8=Q Kd7 126. Qd4+ Ke7 127. Qf6+ Kd7 128. Rb7+ Kc8 129. Qa6 Kd8 130. Qa8# 1-0

[Event "Junior Online 4NCL Division 5"]
[Site "online"]
[Date "2021.03.04"]
[EventDate "2021.03.04"]
[Round "4.55"]
[White "Boikovs, Alexander"]
[WhiteElo "1500"]
[WhiteTeam "Golden Falcons 1"]
[Black "Pan, Ailun"]
[BlackElo "750"]
[BlackTeam "London Dragons Queens"]
[Result "0-1"]
[PlyCount "64"]

1. e4 e5 2. Nf3 Nc6 3. Nc3 Nf6 4. d3 h6 5. Be3 Bb4 6. Qd2 O-O 7. Be2 d5 8. exd5 Nxd5 9. a3 Bxc3 10. bxc3 Re8 11. d4 exd4 12. Nxd4 Nxe3 13. fxe3 Qg5 14. Nxc6 bxc6 15. Kf1 Rxe3 16. Kf2 Rf3+ 17. Ke1 Qh4+ 18. g3 Rxg3 19. hxg3 Qxh1+ 20. Bf1 Bh3 21. Ke2 Re8+ 22. Kf2 Qh2+ 23. Kf3 Qxd2 24. Bxh3 Qxc3+ 25. Kg2 Qxa1 26. Kf3 Qxa3+ 27. Kg2 Re2+ 28. Kg1 Qa1+ 29. Bf1 Rxc2 30. g4 Qd4+ 31. Kh1 Qf2 32. g5 Qh2# 0-1

[Event "Junior Online 4NCL Division 5"]
[Site "online"]
[Date "2021.03.04"]
[EventDate "2021.03.04"]
[Round "4.56"]
[White "Liu, Zhengzheng"]
[WhiteElo "780"]
[WhiteTeam "London Dragons Queens"]
[Black "Jakovlev, Mark"]
[BlackElo "1451"]
[BlackTeam "Golden Falcons 1"]
[Result "1-0"]
[PlyCount "69"]

1. d4 d5 2. c4 dxc4 3. e4 c6 4. Bxc4 Qa5+ 5. Nc3 c5 6. d5 e6 7. Qa4+ Qxa4 8. Nxa4 exd5 9. Bxd5 Bd7 10. Bxb7 Bxa4 11. Bxa8 c4 12. Bf4 Bb4+ 13. Bd2 Bc5 14. Bd5 h5 15. Bxc4 Rh6 16. Bxh6 gxh6 17. b3 Bc6 18. Bd5 Bxd5 19. exd5 Bb4+ 20. Ke2 Bc3 21. Rc1 Bf6 22. Rc8+ Ke7 23. Rxb8 h4 24. Rxg8 a5 25. Ra8 Bd4 26. Rxa5 Kd6 27. Nf3 Bb2 28. Ra6+ Kxd5 29. Rxh6 Ke4 30. Rxh4+ Kd5 31. Rd1+ Kc5 32. Rc4+ Kb5 33. Rd5+ Ka6 34. Rb4 Ka7 35. Ra5# 1-0

[Event "Junior Online 4NCL Division 5"]
[Site "online"]
[Date "2021.03.04"]
[EventDate "2021.03.04"]
[Round "4.57"]
[White "Shelest, Sergei"]
[WhiteElo "1451"]
[WhiteTeam "Golden Falcons 1"]
[Black "Gan, Mark"]
[BlackElo "820"]
[BlackTeam "London Dragons Queens"]
[Result "0-1"]
[PlyCount "84"]

1. c4 e5 2. Nc3 Nf6 3. e4 g6 4. d4 exd4 5. Qxd4 Bg7 6. Nf3 d6 7. Bg5 O-O 8. O-O-O h6 9. Be3 Ng4 10. h3 Bxd4 11. Bxd4 Nf6 12. Bxf6 Qxf6 13. g4 Kg7 14. Bg2 Nc6 15. h4 a5 16. g5 Qf4+ 17. Rd2 h5 18. Re1 Be6 19. b3 a4 20. bxa4 Bxc4 21. Kc2 Ne5 22. Rd5 Nxf3 23. Bxf3 Bxd5 24. Nxd5 Qxf3 25. Re3 Qxf2+ 26. Kd3 Qxa2 27. Nf6 Rad8 28. Re2 Qxa4 29. Rc2 Qb3+ 30. Rc3 Qb5+ 31. Rc4 Qb1+ 32. Rc2 Qf1+ 33. Re2 Qf3+ 34. Re3 Qh1 35. Re2 Qxh4 36. Nxh5+ Qxh5 37. e5 dxe5+ 38. Kc2 Qxe2+ 39. Kb3 Qe4 40. Ka3 Rd3+ 41. Ka2 Qe2+ 42. Kb1 Rd1# 0-1

[Event "Junior Online 4NCL Division 5"]
[Site "online"]
[Date "2021.03.04"]
[EventDate "2021.03.04"]
[Round "4.58"]
[White "Song, Ruien"]
[WhiteElo "827"]
[WhiteTeam "London Dragons Queens"]
[Black "Rolletta, Sofia"]
[BlackElo "1218"]
[BlackTeam "Golden Falcons 1"]
[Result "1-0"]
[PlyCount "31"]

1. e4 e6 2. d4 d5 3. Nc3 b6 4. Nf3 Bb7 5. Bd3 Nc6 6. O-O Be7 7. exd5 exd5 8. Re1 Nf6 9. Bg5 O-O 10. Ne5 Nxe5 11. dxe5 Bb4 12. exf6 Bxc3 13. bxc3 gxf6 14. Bh6 Re8 15. Qg4+ Kh8 16. Qg7# 1-0

[Event "Junior Online 4NCL Division 5"]
[Site "online"]
[Date "2021.03.04"]
[EventDate "2021.03.04"]
[Round "4.61"]
[White "Reeves, Hollyann"]
[WhiteElo "1581"]
[WhiteTeam "Wolfpack Juniors"]
[Black "Shah, Rohan"]
[BlackElo "1437"]
[BlackTeam "Edgware Gambits Forks"]
[Result "0-1"]
[PlyCount "20"]

1. e4 e5 2. Nf3 Nf6 3. Nxe5 Nc6 4. Nxc6 dxc6 5. Nc3 Bc5 6. Bc4 Ng4 7. O-O Qh4 8. h3 Nxf2 9. Qf3 Nxh3+ 10. Kh2 Nf2+ 0-1

[Event "Junior Online 4NCL Division 5"]
[Site "online"]
[Date "2021.03.04"]
[EventDate "2021.03.04"]
[Round "4.62"]
[White "Kantaria, Siya"]
[WhiteElo "1150"]
[WhiteTeam "Edgware Gambits Forks"]
[Black "Marsden, Rupert"]
[BlackElo "1465"]
[BlackTeam "Wolfpack Juniors"]
[Result "0-1"]
[PlyCount "132"]

1. e4 e5 2. Nf3 Nc6 3. Bc4 Bc5 4. d3 d6 5. h3 h6 6. a3 Nf6 7. Nc3 Be6 8. Bxe6 fxe6 9. b4 Bd4 10. Nxd4 exd4 11. Ne2 e5 12. c3 dxc3 13. Nxc3 O-O 14. O-O d5 15. f4 d4 16. Na2 Nd7 17. fxe5 Ndxe5 18. Rxf8+ Qxf8 19. Bb2 Qf7 20. b5 Ne7 21. Bxd4 N5g6 22. a4 b6 23. Nb4 Rd8 24. Bc3 Nf4 25. Kh1 Qg6 26. Ra2 Qxe4 27. dxe4 Rxd1+ 28. Kh2 Rc1 29. Be5 Neg6 30. Bxf4 Nxf4 31. Na6 Ne6 32. Re2 Rc4 33. e5 Rxa4 34. Nb8 Rb4 35. Nc6 Rxb5 36. Nxa7 Ra5 37. Nc6 Rc5 38. Na7 Kf7 39. Nc8 Ke8 40. Nxb6 cxb6 41. Kg3 Kd7 42. Kg4 Rc4+ 43. Kf5 Rf4+ 44. Kg6 Kc6 45. Kh7 Kd5 46. g3 Re4 47. Rxe4 Kxe4 48. g4 Kxe5 49. h4 b5 50. g5 hxg5 51. hxg5 Nxg5+ 52. Kxg7 Ne6+ 53. Kf7 b4 54. Ke7 b3 55. Kd7 b2 56. Ke7 b1=Q 57. Kf7 Qf1+ 58. Ke7 Qf6+ 59. Kd7 Nd4 60. Kc7 Qe6 61. Kb7 Qd6 62. Kc8 Qe7 63. Kb8 Qd7 64. Ka8 Nb5 65. Kb8 Qc7+ 66. Ka8 Qa7# 0-1

[Event "Junior Online 4NCL Division 5"]
[Site "online"]
[Date "2021.03.04"]
[EventDate "2021.03.04"]
[Round "4.63"]
[White "Harris, Callum"]
[WhiteElo "1383"]
[WhiteTeam "Wolfpack Juniors"]
[Black "Wilkinson, James"]
[BlackElo "1100"]
[BlackTeam "Edgware Gambits Forks"]
[Result "1-0"]
[PlyCount "67"]

1. e4 e5 2. Nf3 Nf6 3. Nxe5 Nc6 4. Nf3 Bc5 5. c3 Be7 6. e5 Nd5 7. d4 d6 8. exd6 cxd6 9. Be3 Nxe3 10. fxe3 Bh4+ 11. Nxh4 Qxh4+ 12. g3 Qe4 13. Rg1 Bg4 14. Nd2 Qxe3+ 15. Be2 Qxg1+ 16. Nf1 Bxe2 17. Qxe2+ Ne7 18. O-O-O Qh1 19. d5 f5 20. Ne3 Qe4 21. Qb5+ Kf8 22. Nc4 b6 23. Nxd6 Qe3+ 24. Kb1 Qf3 25. Kc1 Qf2 26. Qd7 g6 27. Nb5 Qxh2 28. d6 Nc6 29. Qxc6 Re8 30. d7 Re2 31. d8=Q+ Kf7 32. Rd7+ Re7 33. Qf6+ Kxf6 34. Qxe7# 1-0

[Event "Junior Online 4NCL Division 5"]
[Site "online"]
[Date "2021.03.04"]
[EventDate "2021.03.04"]
[Round "4.64"]
[White "Kantaria, Shivam"]
[WhiteElo "1000"]
[WhiteTeam "Edgware Gambits Forks"]
[Black "Mahadevan, Meikum"]
[BlackElo "1075"]
[BlackTeam "Wolfpack Juniors"]
[Result "0-1"]
[PlyCount "118"]

1. e4 e5 2. Nf3 Nc6 3. Bc4 h6 4. d3 Nf6 5. O-O Bc5 6. Nc3 Ng4 7. h3 Nxf2 8. Rxf2 Bxf2+ 9. Kxf2 O-O 10. Kg1 d6 11. Be3 a6 12. Bc5 dxc5 13. Nd5 b5 14. Bb3 Na5 15. Qd2 Nxb3 16. cxb3 f5 17. Nxe5 fxe4 18. dxe4 Bb7 19. Rd1 Bxd5 20. exd5 Qf6 21. Nd7 Qd6 22. Nxf8 Qxf8 23. Rf1 Qd6 24. Rf3 c6 25. Qd3 cxd5 26. Qf5 Rf8 27. Qg4 Rxf3 28. Qxf3 Qe5 29. a4 bxa4 30. bxa4 Qxb2 31. Qxd5+ Kh7 32. Qxc5 Qa1+ 33. Kf2 Qxa4 34. Qf5+ Kg8 35. g4 Qd4+ 36. Kf3 Qc3+ 37. Kf4 Qf6 38. Qxf6 gxf6 39. h4 a5 40. g5 a4 41. gxf6 a3 42. Ke5 a2 43. Ke6 a1=Q 44. f7+ Kf8 45. h5 Qa6+ 46. Kf5 Qc8+ 47. Kf6 Qd8+ 48. Ke6 Qe7+ 49. Kf5 Qxf7+ 50. Ke5 Qxh5+ 51. Kf4 Qg5+ 52. Kf3 h5 53. Kf2 h4 54. Kf1 h3 55. Kf2 h2 56. Kf3 h1=Q+ 57. Kf2 Qh3 58. Ke2 Qgg2+ 59. Ke1 Qhh1# 0-1

[Event "Junior Online 4NCL Division 5"]
[Site "online"]
[Date "2021.03.04"]
[EventDate "2021.03.04"]
[Round "4.65"]
[White "Shah, Rohan"]
[WhiteElo "1437"]
[WhiteTeam "Edgware Gambits Forks"]
[Black "Reeves, Hollyann"]
[BlackElo "1581"]
[BlackTeam "Wolfpack Juniors"]
[Result "1-0"]
[PlyCount "52"]

1. d4 d5 2. c4 Nf6 3. cxd5 Nxd5 4. e4 Nb6 5. Nc3 e6 6. Nf3 Bb4 7. a3 Bxc3+ 8. bxc3 c5 9. Bb5+ Nc6 10. Ne5 cxd4 11. Nxc6 bxc6 12. Bxc6+ Kf8 13. Bxa8 Nxa8 14. cxd4 Bb7 15. d5 exd5 16. e5 Qe8 17. Bb2 f6 18. O-O fxe5 19. Re1 e4 20. Rc1 Nb6 21. Qg4 Qg6 22. Qf4+ Ke8 23. Qb8+ Bc8 24. Rxc8+ Nxc8 25. Qxc8+ Kf7 26. Qxh8 Qb6 1-0

[Event "Junior Online 4NCL Division 5"]
[Site "online"]
[Date "2021.03.04"]
[EventDate "2021.03.04"]
[Round "4.66"]
[White "Marsden, Rupert"]
[WhiteElo "1465"]
[WhiteTeam "Wolfpack Juniors"]
[Black "Kantaria, Siya"]
[BlackElo "1150"]
[BlackTeam "Edgware Gambits Forks"]
[Result "1-0"]
[PlyCount "63"]

1. e4 e5 2. Nf3 Nc6 3. Bc4 Bc5 4. d3 h6 5. O-O Nf6 6. Be3 Bxe3 7. fxe3 Ng4 8. Qe2 O-O 9. d4 exd4 10. exd4 Nf6 11. e5 Re8 12. Qd3 Nb4 13. Qb3 Nxc2 14. Qxc2 Ng4 15. Qg6 d5 16. Bxd5 Qxd5 17. Qd3 f6 18. h3 fxe5 19. hxg4 exd4 20. Qb3 Qxb3 21. axb3 Bxg4 22. Nxd4 b6 23. Nd2 Rad8 24. N2f3 Bxf3 25. Nxf3 g5 26. Rfe1 Rf8 27. Rad1 Rc8 28. Re7 c5 29. Rdd7 Rce8 30. Rg7+ Kh8 31. Rh7+ Kg8 32. Rdg7# 1-0

[Event "Junior Online 4NCL Division 5"]
[Site "online"]
[Date "2021.03.04"]
[EventDate "2021.03.04"]
[Round "4.67"]
[White "Wilkinson, James"]
[WhiteElo "1100"]
[WhiteTeam "Edgware Gambits Forks"]
[Black "Harris, Callum"]
[BlackElo "1383"]
[BlackTeam "Wolfpack Juniors"]
[Result "0-1"]
[PlyCount "36"]

1. e4 e5 2. Bc4 Nc6 3. Nf3 Bc5 4. Ng5 Qxg5 5. d4 Qxg2 6. Rf1 Nxd4 7. Qh5 Nf3+ 8. Kd1 g6 9. Qxf3 Qxf3+ 10. Be2 Qxe4 11. Re1 Qd5+ 12. Bd3 Bxf2 13. c4 Qxd3+ 14. Bd2 Bxe1 15. Kxe1 Nf6 16. Nc3 Ne4 17. Rd1 Qd4 18. Bh6 Qf2# 0-1

[Event "Junior Online 4NCL Division 5"]
[Site "online"]
[Date "2021.03.04"]
[EventDate "2021.03.04"]
[Round "4.68"]
[White "Mahadevan, Meikum"]
[WhiteElo "1075"]
[WhiteTeam "Wolfpack Juniors"]
[Black "Kantaria, Shivam"]
[BlackElo "1000"]
[BlackTeam "Edgware Gambits Forks"]
[Result "1-0"]
[PlyCount "77"]

1. e4 e5 2. Nf3 Nf6 3. Nc3 Bc5 4. h3 Nc6 5. Bc4 Nb4 6. Nxe5 Qe7 7. Nxf7 Rf8 8. O-O Bd6 9. e5 Rxf7 10. exd6 Qxd6 11. Re1+ Re7 12. Rxe7+ Qxe7 13. Nb5 d6 14. b3 c6 15. Nc3 d5 16. Bf1 Qf7 17. Ba3 Na6 18. Qe2+ Kd8 19. Re1 Be6 20. f4 Nc7 21. f5 g6 22. fxe6 Nxe6 23. Qxe6 Qxe6 24. Rxe6 Nh5 25. Re7 b6 26. Rxh7 Nf6 27. Rh8+ Ne8 28. b4 c5 29. Bb5 cxb4 30. Rxe8+ Kc7 31. Rxa8 bxc3 32. dxc3 Kb7 33. Rh8 Kc7 34. Rh7+ Kb8 35. Bc6 a5 36. Bd6+ Kc8 37. Rc7+ Kb8 38. Rb7+ Kc8 39. Rb8# 1-0

[Event "Junior Online 4NCL Division 5"]
[Site "online"]
[Date "2021.03.04"]
[EventDate "2021.03.04"]
[Round "4.71"]
[White "Taylor, Kai"]
[WhiteElo "1300"]
[WhiteTeam "Hull & York Knights"]
[Black "Singh, Hari"]
[BlackElo "1283"]
[BlackTeam "KCJS 3"]
[Result "0-1"]
[PlyCount "132"]

1. e4 c5 2. Nf3 d6 3. Bc4 Nc6 4. Ng5 e6 5. d3 h6 6. Nf3 e5 7. O-O Bg4 8. h3 Bh5 9. Bd5 Bxf3 10. Qxf3 Qf6 11. Qxf6 Nxf6 12. Nc3 Nxd5 13. exd5 Nd4 14. Be3 Nxc2 15. Rac1 Nxe3 16. fxe3 Be7 17. Nb5 O-O 18. e4 Bg5 19. Rcd1 a6 20. Nxd6 Rab8 21. a3 b5 22. b3 g6 23. Rf2 Be3 24. Kf1 Bxf2 25. Kxf2 Rb6 26. Nxb5 axb5 27. a4 bxa4 28. bxa4 Ra6 29. Ra1 Rfa8 30. Rc1 c4 31. dxc4 Rxa4 32. d6 Rd8 33. Rd1 Rxc4 34. Kf3 Rc6 35. d7 Rc7 36. Rd5 Rdxd7 37. Rxe5 Re7 38. Rd5 Rcd7 39. Rc5 Kg7 40. e5 Rd3+ 41. Kg4 Re3 42. Kf4 Re2 43. g3 g5+ 44. Kf5 Re3 45. g4 Rf3+ 46. Ke4 Rxh3 47. Kf5 Rf3+ 48. Ke4 Rf4+ 49. Ke3 f6 50. Kd2 Rxe5 51. Rc7+ Kg6 52. Rc8 Rxg4 53. Rg8+ Kf5 54. Rc8 h5 55. Rh8 h4 56. Rh7 Rg3 57. Kd1 h3 58. Kd2 Rg2+ 59. Kd3 h2 60. Kc4 Re4+ 61. Kd5 Rh4 62. Re7 Rd2+ 63. Kc6 h1=Q+ 64. Kc7 Rc4+ 65. Kb6 Qb1+ 66. Ka7 Ra2# 0-1

[Event "Junior Online 4NCL Division 5"]
[Site "online"]
[Date "2021.03.04"]
[EventDate "2021.03.04"]
[Round "4.72"]
[White "Blicharz, Maks"]
[WhiteElo "1337"]
[WhiteTeam "KCJS 3"]
[Black "Leatham, Bertie"]
[BlackElo "1206"]
[BlackTeam "Hull & York Knights"]
[Result "0-1"]
[PlyCount "76"]

1. e4 e5 2. Nf3 Nc6 3. Bc4 Nf6 4. Ng5 d5 5. exd5 Na5 6. Bb5+ c6 7. dxc6 bxc6 8. Bd3 h6 9. Nf3 e4 10. Qe2 Be7 11. Bxe4 O-O 12. O-O Re8 13. Qd3 Nxe4 14. Qxe4 Bb7 15. Qd3 Qc7 16. Nc3 Rad8 17. Qe2 Qb6 18. Re1 Ba6 19. Qd1 Bc5 20. Rxe8+ Rxe8 21. d4 Bd6 22. Na4 Qb4 23. c3 Qb7 24. Be3 Nc4 25. Qc1 Nxe3 26. fxe3 Qe7 27. Kf2 Qf6 28. Kg1 Be2 29. Nd2 Qh4 30. h3 Qg3 31. Qe1 Qh2+ 32. Kf2 Bg3+ 33. Kxe2 Bxe1 34. Rxe1 Qxg2+ 35. Kd1 Qxh3 36. Nc5 Rxe3 37. Rxe3 Qxe3 38. Kc2 h5 0-1

[Event "Junior Online 4NCL Division 5"]
[Site "online"]
[Date "2021.03.04"]
[EventDate "2021.03.04"]
[Round "4.73"]
[White "Meyers, Grace"]
[WhiteElo "1023"]
[WhiteTeam "Hull & York Knights"]
[Black "Gupta, Aarav G"]
[BlackElo "1310"]
[BlackTeam "KCJS 3"]
[Result "0-1"]
[PlyCount "128"]

1. e4 e5 2. Nf3 Nc6 3. Nc3 Nf6 4. Bc4 Bc5 5. O-O O-O 6. d3 h6 7. h3 d6 8. Re1 Bd7 9. Be3 Bb6 10. Bxb6 axb6 11. a3 Na5 12. b4 Nxc4 13. dxc4 Be6 14. Nd2 Qc8 15. Re3 Kh8 16. Nd5 Qd8 17. Rf3 Nd7 18. Qe2 c6 19. Nc3 Nf6 20. Rd3 Rc8 21. c5 Ne8 22. Nf3 Bc4 23. Qd2 Bxd3 24. Qxd3 bxc5 25. bxc5 dxc5 26. Qxd8 Rxd8 27. Nxe5 Rd2 28. Rc1 Kg8 29. Na4 Rd4 30. Nxc5 b6 31. Ncd7 Rxe4 32. Nxc6 Re6 33. Nd4 Rd6 34. Nxf8 Rxd4 35. Rb1 Rd6 36. Nd7 Rxd7 37. Rxb6 Rd1+ 38. Kh2 Rd2 39. Rb8 Kf8 40. c4 Rxf2 41. Kg3 Rc2 42. Rc8 Ke7 43. c5 Kd7 44. Rb8 Rxc5 45. a4 Ra5 46. Rb4 Nd6 47. Kf3 Kc6 48. Ke3 Kc5 49. Rd4 Nf5+ 50. Kd2 Nxd4 51. g4 Rxa4 52. h4 Nf3+ 53. Ke2 Nxh4 54. g5 hxg5 55. Ke3 Rf4 56. Ke2 Rf6 57. Ke3 g4 58. Ke4 g3 59. Ke5 g2 60. Ke4 g1=Q 61. Kd3 Rd6+ 62. Kc3 Qc1+ 63. Kb3 Rb6+ 64. Ka2 Qb2# 0-1